Tilastot visalle Sanat - "Daa-Da Daa-Da" - Sammy Babitzin

Klikkaa tästä pelataksesi tätä visaa!

Yleistilastot

  • Tätä visaa on pelattu 108 kertaa
  • Keskiarvotulos 137 / 189

Vastaustilastot

Sanat% Oikein
daa,
100%
Daa
100%
daa!
100%
daa
100%
daa-da
94%
daa-da,
94%
on,
89%
on.
89%
on
89%
On
89%
jo
87%
saa.
87%
Hiki
81%
kiire
81%
kiire,
81%
pintaan
81%
saada
80%
täytyy
80%
alla
79%
jonnekin
77%
Kiitää
76%
Aina
74%
missä.
74%
Missä
74%
huomen,
73%
vain
71%
koittaa,
70%
koittaa
70%
mennä
70%
siitä
70%
antaa
69%
näin!
69%
autostrada,
67%
en
67%
Pojat
67%
laulu
66%
Suomen,
66%
Mikkelissä,
64%
Huomenna
63%
muista
63%
soimaan,
63%
Tänne
63%
tänne
63%
halki
61%
Kansa
61%
karkeloimaan,
61%
lähtee
60%
mukaan,
60%
mukaan
60%
sinne
60%
Eilen
59%
kuitenkin.
59%
lienee
59%
matkaa
59%
tultiin
59%
Jälleen
57%
musiikin.
56%
Kaikki
54%
Nyt
54%
nyt
54%
oltiin
54%
syöksyy
53%
luotu,
51%
tämä
50%
tuotu,
50%
Sulaa
49%
sointi
46%
vielä
46%
iltaan
44%
Liikkumaan
43%
kohta
41%
laulaa
40%
soittaa.
40%
meidät
39%
taas
39%
jaksaa
37%
Daa daa
36%
Tämän
36%
tulla
36%
Mutta
33%
suotu.
33%
Hieman
31%
Jokainen
30%
nuottikorvaa
30%
tulkaa
30%
pieni
27%
Tauko
27%
saan.
23%
Kulkureiks
19%

Tulosjakauma

Persentiili vastausten määrän mukaan

Jokaisen tuloksen saaneiden osuus

Tuloshistoriasi

Et ole pelannut tätä visaa